000 00405cam a22001337a 4500
008 180718b1971 xxu||||| |||| 00| 0 eng d
082 _aXA601x42 Un3 C.2
245 _aReport of the committee on the rent acts
_cby Her Majesty's
260 _aLondon
_bHer Majesty's
_c1971
300 _axv,526p
650 _aHousing --Great Britain
650 _aRent control --Great Britain
700 _aU.K. Her Majesty's
999 _c414530
_d414530